Open Data Biblioteca Nacional de Portugal


República Portuguesa: Ministério da Cultura
Biblioteca Nacional de Portugal

Catálogo da BNP: acesso por Identificadores Unívocos
Registos Bibliográficos associados ao registo de autoridade

Etiqueta de registo: 00000nam 2200025 450
001 2284169
003 http://id.bnportugal.gov.pt/bib/catbnp/2284169
100 ## $a20260413d2025 k y0pory01030103ba
101 0# $apor$deng
102 ## $aPT
105 ## $aa m 000yy
106 ## $ar
200 1# $a A perceção das raparigas sobre a disciplina de Educação Física$fJoana Alexandra de Oliveira Claro$gorient. Francisco Alberto Arruda Carreiro da Costa
210 #9 $aLisboa$c[s.n.],$d2025
215 ## $a163, CLV p.$cil.$d30 cm
328 #1 $aTese dout. Educação Física e Desporto (Didática em Educação Física e Desporto), Faculdade de Educação Física e Desporto, Universidade Lusófona, 2025
700 #1 $aClaro,$bJoana Alexandra de Oliveira$31995439
702 #1 $aCosta,$bFrancisco Alberto Arruda Carreiro da$4727$3193125
801 #0 $aPT$bBN$gRPC
966 ## $lBN$mFGMON$x1
971 ## $corlando$d20260413

OpendataBNP@bnportugal.pt | Mais informação sobre acesso aos dados BNP